00652nam a2200181 i 450000100060000000300090000600500170001500700030003200800410003510000340007624500930011026000350020330000340023870000270027285200320029999900170033195201220034858015ES-MaACL20230906163715.0t|031020s1961 sp ||||1| spa d1 aDuncan, David Douglas.94602714aLos Picasso de Picasso / cDavid Douglas Duncan ; [versión española de Juan Cortes]. aBarcelona : bRauter, c[1961] a270 p., 209 lám. ; c31 cm.1 aCortés, Juan.940860 aES-MaACLjC-25282 bR.49796 c58015d58015 00104070aATENEOMbATENEOMcDEPO2d2008-01-17eSCl0oC-25282p1060887r2023-02-23 00:00:00w2023-02-23yMONOGRAFIA